Aniceto el Gallo. Gacetero prosista y gauchi-poeta argentino. Extracto del periódico de este título publicado en Buenos Ayres el año de 1854 y otras poesías inéditas
Saved in:
| Hovedforfatter: | |
|---|---|
| Format: | Bog |
| Sprog: | spansk |
| Udgivet: |
París
Imprenta de Paul Dupont
1872
|
| Udgivelse: | 1a. ed |
| Fag: | |
| Tags: |
Tilføj Tag
Ingen Tags, Vær først til at tagge denne postø!
|
MARC
| LEADER | 00000nam a2200000 a 4500 | ||
|---|---|---|---|
| 001 | UCJ6968 | ||
| 003 | CL-VaPUC | ||
| 008 | 070124e18720000FR |||||||||||||||||spa|d | ||
| 082 | 0 | 4 | |a A861 |b ASC |2 21 |
| 100 | 0 | |a Ascasubi, Hilario |e author |9 514698 | |
| 245 | 1 | 0 | |a Aniceto el Gallo. Gacetero prosista y gauchi-poeta argentino. Extracto del periódico de este título publicado en Buenos Ayres el año de 1854 y otras poesías inéditas |
| 250 | |a 1a. ed | ||
| 300 | |a 493 p | ||
| 942 | |c BK | ||
| 945 | |d 20070124 00:00:00 |a rinostro | ||
| 260 | |a París |b Imprenta de Paul Dupont |c 1872 | ||
| 500 | |a 8§, media pasta.- Anteport.- v. em b.- Front.- Retrato del autor con reproducción de su firma.- Port.- v. en b.- Firma autógrafa de Juan de Dios Herrera | ||
| 600 | 0 | |a Rosas, Juan Manuel de |9 438178 | |
| 600 | 0 | 7 | |a URQUIZA, JUSTO J. DE |2 CL-VaPUC |9 514699 |
| 650 | 7 | |a POESIA ARGENTINA |2 CL-VaPUC |9 268280 | |
| 650 | 7 | |a POESIA GAUCHESCA |2 CL-VaPUC |9 337452 | |
| 650 | 0 | |a Iconografía |9 267998 | |
| 650 | 7 | |a SATIRA POLITICA |2 CL-VaPUC |9 330270 | |
| 650 | 0 | |a Prensa y periodismo |z Chile |9 504409 | |
| 650 | 7 | |a GAUCHOS |2 CL-VaPUC |9 317962 | |
| 650 | 7 | |a TIPOS HUMANOS |2 CL-VaPUC |9 504574 | |
| 650 | 7 | |a GUERRAS CIVILES |2 CL-VaPUC |9 361938 | |
| 651 | 0 | |a Argentina |9 254888 | |
| 583 | |a last modification |c 20070124 00:00:00 |k Rodrigo Vera | ||
| 999 | |c 323070 |d 323068 | ||
| 952 | |0 0 |1 0 |4 0 |6 A_861_000000000000000_ASC_1872 |7 0 |8 X |9 402316 |a FDOBUD |b FDOBUD |d 2019-11-22 |i 1055712 |o A861 ASC 1872 |p 1055712 |r 2019-11-22 |w 2019-11-22 |y BK_X |k BUD | ||